| 000 | 00499nam a22001457a 4500 | ||
|---|---|---|---|
| 003 | 0 | ||
| 005 | 20221001094725.0 | ||
| 008 | 221001b xxu||||| |||| 00| 0 eng d | ||
| 050 |
_aHD 30.2 _b.P39 2020 |
||
| 245 |
_aUsage of technology in the analysis of project metrics to improve employee engagement _cDanielle A nn M. Paz |
||
| 260 |
_aLas Pinas Philippines _bSouthville International School and Colleges _cC2020 |
||
| 300 |
_avii,70pp. _c28cm _fThese |
||
| 500 | _aProject metrics. | ||
| 942 |
_2lcc _cTH |
||
| 999 |
_c364808 _d364808 |
||